[Event "EU-ch U14"]
[Site "Prague"]
[Date "2012.08.23"]
[Round "7"]
[White "Musiienko, Danylo"]
[Black "Popov, Andrey V"]
[Result "0-1"]
[WhiteElo "2004"]
[BlackElo "2130"]
[PlyCount "120"]
[EventDate "2012.08.17"]
[EventType "swiss"]
[EventRounds "9"]
[EventCountry "CZE"]
[SourceTitle "CBM 150 Extra"]
[Source "ChessBase"]
[SourceDate "2012.10.19"]
[SourceVersion "1"]
[SourceVersionDate "2012.10.19"]
[SourceQuality "1"]

1. c4 e6 2. Nf3 d5 3. d4 c6 4. e3 f5 5. Bd3 Nf6 6. 0-0 Bd6 7. b3 Qe7 8. Bb2 0-0 9. Qc1 Ne4 10. Ba3 Bxa3 11. Qxa3 Qf6 12. Ne5 Nd7 13. Nxd7 Bxd7 14. f3 Ng5 15. f4 Nf7 16. Nd2 g5 17. g3 g4 18. c5 h5 19. h4 gxh3 20. Nf3 Nh6 21. Kf2 h2 22. Rh1 Ng4+ 23. Ke2 Qg7 24. Kd2 Be8 25. Nxh2 Nf2 26. Rhg1 Nh3 27. Rg2 Rf6 28. Nf1 h4 29. Rh2 Ng1 30. Be2 hxg3 31. Rg2 Nxe2 32. Kxe2 Bh5+ 33. Kd3 Rg6 34. Nd2 Bg4 35. Rag1 Bh3 36. Re2 g2 37. Nf3 Rg3 38. Ng5 Rxg5 39. fxg5 Qxg5 40. Qb2 Kf7 41. Rf2 Rg8 42. Rf3 Qh4 43. Qf2 Qxf2 44. Rxf2 Rg3 45. b4 Kf6 46. Rf4 Bg4 47. Kd2 e5 48. dxe5+ Kxe5 49. a3 Kf6 50. Rd4 Kg5 51. b5 Kh4 52. bxc6 bxc6 53. Rb4 Kh3 54. a4 Kh2 55. Rbb1 d4 56. exd4 f4 57. d5 cxd5 58. c6 Ra3 59. c7 Rxa4 60. Rgc1 Rc4 0-1

[Event "EU-ch U14"]
[Site "Prague"]
[Date "2012.08.21"]
[Round "5"]
[White "Musiienko, Danylo"]
[Black "Sibashvili, Giorgi"]
[Result "0-1"]
[WhiteElo "2004"]
[BlackElo "2073"]
[PlyCount "102"]
[EventDate "2012.08.17"]
[EventType "swiss"]
[EventRounds "9"]
[EventCountry "CZE"]
[SourceTitle "CBM 150 Extra"]
[Source "ChessBase"]
[SourceDate "2012.10.19"]
[SourceVersion "1"]
[SourceVersionDate "2012.10.19"]
[SourceQuality "1"]

1. d4 Nf6 2. Nf3 d5 3. c4 c6 4. e3 e6 5. Nbd2 Nbd7 6. Bd3 Bd6 7. e4 dxe4 8. Nxe4 Nxe4 9. Bxe4 Nf6 10. Bc2 b6 11. 0-0 Bb7 12. Bg5 Qc7 13. Qe1 0-0-0 14. b4 h6 15. Bd2 g5 16. c5 Bf4 17. Bxf4 Qxf4 18. Qe5 Nd5 19. Qxf4 Nxf4 20. Rfe1 Rhf8 21. Rad1 Ba6 22. Rd2 Kc7 23. g3 Nd5 24. a3 Ne7 25. Red1 Bc4 26. Be4 f6 27. Rc1 b5 28. h3 Kb7 29. Kg2 Rd7 30. Rcd1 a5 31. Rb2 Ka6 32. Nd2 Rxd4 33. Re1 Rfd8 34. Nxc4 Rxc4 35. Bf3 e5 36. Reb1 a4 37. Rd1 Rxd1 38. Bxd1 Rc3 39. Ra2 Nf5 40. Bc2 Nd4 41. Bb1 Kb7 42. g4 Ne6 43. f3 Nf4+ 44. Kg3 Rc1 45. Bf5 Rh1 46. Rh2 Ra1 47. Rd2 Nd5 48. Rd3 Ka6 49. Bc8+ Ka7 50. Bd7 Nf4 51. Rd6 Ra2 0-1

[Event "EU-ch U12"]
[Site "Albena"]
[Date "2011.09.17"]
[Round "6"]
[White "Musiienko, Danylo"]
[Black "Tuncer, Tuna"]
[Result "1/2-1/2"]
[WhiteElo "1940"]
[BlackElo "1717"]
[PlyCount "85"]
[EventDate "2011.09.11"]
[EventType "swiss"]
[EventRounds "9"]
[EventCountry "BUL"]
[SourceTitle "CBM 144 Extra"]
[Source "ChessBase"]
[SourceDate "2011.10.28"]
[SourceVersion "1"]
[SourceVersionDate "2011.10.28"]
[SourceQuality "1"]

1. d4 Nf6 2. Nf3 e6 3. e3 c5 4. c3 b6 5. Bd3 Bb7 6. 0-0 Be7 7. Nbd2 d6 8. e4 Nbd7 9. Re1 e5 10. dxe5 dxe5 11. Qc2 0-0 12. Nf1 Qc7 13. Ne3 g6 14. b3 Rfe8 15. Bb2 Rad8 16. Rad1 Bf8 17. Nd2 Nh5 18. Bb5 a6 19. Bxd7 Rxd7 20. c4 Bg7 21. Nb1 Red8 22. Nc3 Nf6 23. Ncd5 Bxd5 24. Nxd5 Nxd5 25. Rxd5 Rxd5 26. cxd5 Qe7 27. Ba3 Bh6 28. Qc4 a5 29. Bb2 Bg5 30. a4 h5 31. Qc3 f6 32. Kf1 h4 33. g3 hxg3 34. hxg3 Re8 35. f4 Bh6 36. f5 Bg5 37. Qf3 Kg7 38. Kg2 Rh8 39. Rh1 Rxh1 40. Kxh1 gxf5 41. Qxf5 c4 42. bxc4 Qb4 43. Qd7+ 1/2-1/2

[Event "Myrhorod op"]
[Site "Myrhorod"]
[Date "2011.07.14"]
[Round "9"]
[White "Musiienko, Danylo"]
[Black "Melnikov, Artem1111"]
[Result "1/2-1/2"]
[WhiteElo "1914"]
[BlackElo "2007"]
[PlyCount "34"]
[EventDate "2011.07.09"]
[EventType "swiss"]
[EventRounds "9"]
[EventCountry "UKR"]
[SourceTitle "CBM 143 Extra"]
[Source "ChessBase"]
[SourceDate "2011.08.29"]
[SourceVersion "1"]
[SourceVersionDate "2011.08.29"]
[SourceQuality "1"]

1. d4 Nf6 2. Nf3 g6 3. g3 b6 4. Bg2 Bb7 5. 0-0 Bg7 6. c4 0-0 7. Nc3 d6 8. b3 c5 9. Bb2 Ne4 10. Qc2 Nxc3 11. Bxc3 Nd7 12. d5 Ne5 13. Nxe5 dxe5 14. Qb2 f6 15. Rfd1 a5 16. a3 Qd6 17. b4 Rfb8 1/2-1/2

[Event "Myrhorod op"]
[Site "Myrhorod"]
[Date "2011.07.09"]
[Round "2"]
[White "Kabachienko, Alexandr"]
[Black "Musiienko, Danylo"]
[Result "1-0"]
[WhiteElo "2068"]
[BlackElo "1914"]
[PlyCount "71"]
[EventDate "2011.07.09"]
[EventType "swiss"]
[EventRounds "9"]
[EventCountry "UKR"]
[SourceTitle "CBM 143 Extra"]
[Source "ChessBase"]
[SourceDate "2011.08.29"]
[SourceVersion "1"]
[SourceVersionDate "2011.08.29"]
[SourceQuality "1"]

1. e4 c6 2. d4 g6 3. Nc3 d5 4. h3 Bg7 5. Nf3 dxe4 6. Nxe4 Nf6 7. Ng3 0-0 8. Bc4 Nbd7 9. 0-0 Nb6 10. Bb3 a5 11. a4 Nbd5 12. Re1 h6 13. Ne5 Kh7 14. c3 Nd7 15. Bc2 Nxe5 16. dxe5 Qc7 17. Qe2 b6 18. h4 e6 19. h5 Ne7 20. f4 Ba6 21. Qg4 Nf5 22. Ne4 Rg8 23. Qh3 Rae8 24. g4 Ne7 25. Nd6 Rgf8 26. Nxf7 Rxf7 27. hxg6+ Nxg6 28. Qh5 Kg8 29. Qxg6 Qe7 30. Be3 c5 31. Be4 Rd8 32. Rad1 Rxd1 33. Rxd1 Qh4 34. Bf2 Qe7 35. Bg3 Qe8 36. Bh4 1-0

[Event "Myrhorod op"]
[Site "Myrhorod"]
[Date "2011.07.09"]
[Round "1"]
[White "Musiienko, Danylo"]
[Black "Sergienko, Vladislav"]
[Result "0-1"]
[WhiteElo "1914"]
[BlackElo "2199"]
[PlyCount "68"]
[EventDate "2011.07.09"]
[EventType "swiss"]
[EventRounds "9"]
[EventCountry "UKR"]
[SourceTitle "CBM 143 Extra"]
[Source "ChessBase"]
[SourceDate "2011.08.29"]
[SourceVersion "1"]
[SourceVersionDate "2011.08.29"]
[SourceQuality "1"]

1. d4 Nf6 2. Nf3 g6 3. g3 Bg7 4. Bg2 d6 5. b3 c5 6. c4 Nc6 7. Bb2 Ne4 8. 0-0 0-0 9. Nc3 Bf5 10. e3 e5 11. dxc5 Nxc5 12. Nb5 a6 13. Nxd6 Bd3 14. Ba3 e4 15. Bxc5 Bxf1 16. Nd4 Bxg2 17. Kxg2 Nxd4 18. exd4 b6 19. Ba3 f5 20. Rc1 Qf6 21. c5 Rfd8 22. cxb6 Bf8 23. Rc6 Bxd6 24. b7 Rab8 25. Qc2 Qxd4 26. Bxd6 Rxd6 27. Rc8+ Rd8 28. Rxb8 Rxb8 29. Qc8+ Qd8 30. Qc4+ Kf8 31. Qc5+ Kf7 32. Qc4+ Ke7 33. Qc5+ Kd7 34. Qd5+ Kc7 0-1

[Event "Zaporozhye Ermak Cup 7th"]
[Site "Zaporozhye"]
[Date "2011.06.26"]
[Round "2"]
[White "Musiienko, Danylo"]
[Black "Kovalenko, Alexander"]
[Result "1-0"]
[WhiteElo "1914"]
[BlackElo "2157"]
[PlyCount "71"]
[EventDate "2011.06.25"]
[EventType "swiss"]
[EventRounds "9"]
[EventCountry "UKR"]
[SourceTitle "CBM 143 Extra"]
[Source "ChessBase"]
[SourceDate "2011.08.29"]
[SourceVersion "1"]
[SourceVersionDate "2011.08.29"]
[SourceQuality "1"]

1. d4 Nf6 2. Nf3 g6 3. g3 Bg7 4. Bg2 0-0 5. 0-0 c5 6. c4 cxd4 7. Nxd4 Nc6 8. Nc2 d6 9. Nc3 Bd7 10. e4 Qc8 11. Ne3 Bh3 12. Rb1 Bxg2 13. Kxg2 Qe6 14. f3 Rac8 15. b3 Rfd8 16. Bb2 Qd7 17. Ncd5 Ne8 18. Bxg7 Kxg7 19. Qd2 e6 20. Qb2+ f6 21. Nc3 Qc7 22. Rbd1 Qb6 23. Qd2 Qc5 24. Ng4 Ne5 25. Na4 Qc7 26. Ne3 Qc6 27. Qf2 a6 28. Nc2 Kf7 29. Nd4 Qc7 30. Qd2 Qe7 31. Qh6 Ng7 32. Nb6 Rb8 33. a4 Qc7 34. Qxg7+ Kxg7 35. Nxe6+ Kf7 36. Nxc7 1-0

[Event "EU-ch U12"]
[Site "Batumi"]
[Date "2010.09.27"]
[Round "8"]
[White "Musiienko, Danylo"]
[Black "Plenca, Jadranko"]
[Result "1-0"]
[WhiteElo "1892"]
[BlackElo "1728"]
[PlyCount "67"]
[EventDate "2010.09.20"]
[EventType "swiss"]
[EventRounds "9"]
[EventCountry "GEO"]
[SourceTitle "CBM 138 Extra"]
[Source "ChessBase"]
[SourceDate "2010.10.29"]
[SourceVersion "1"]
[SourceVersionDate "2010.10.29"]
[SourceQuality "1"]

1. d4 Nf6 2. Nf3 e6 3. e3 b6 4. c4 Bb7 5. Nc3 Be7 6. Bd3 c5 7. 0-0 0-0 8. b3 d5 9. Bb2 Nc6 10. cxd5 exd5 11. dxc5 bxc5 12. Rc1 Rc8 13. Na4 Nb4 14. Bxf6 gxf6 15. Bb1 Ba6 16. Re1 c4 17. a3 Nd3 18. Bxd3 cxd3 19. b4 Kh8 20. Nb2 Rxc1 21. Qxc1 Rg8 22. Qd2 Qd7 23. Nd4 Qg4 24. g3 h5 25. Nxd3 f5 26. Nf4 Bd6 27. h3 Qg5 28. Nf3 Qh6 29. Kh2 Bc4 30. Nh4 Qg5 31. Qd4+ Kh7 32. Rg1 a5 33. Nxd5 Bxd5 34. Qxd5 1-0

[Event "EU-ch U12"]
[Site "Batumi"]
[Date "2010.09.21"]
[Round "2"]
[White "Musiienko, Danylo"]
[Black "Ali Marandi, Cemil Can"]
[Result "0-1"]
[WhiteElo "1892"]
[BlackElo "2180"]
[PlyCount "64"]
[EventDate "2010.09.20"]
[EventType "swiss"]
[EventRounds "9"]
[EventCountry "GEO"]
[SourceTitle "CBM 138 Extra"]
[Source "ChessBase"]
[SourceDate "2010.10.29"]
[SourceVersion "1"]
[SourceVersionDate "2010.10.29"]
[SourceQuality "1"]

1. d4 d5 2. Nf3 Nf6 3. e3 e6 4. c4 c6 5. Nbd2 Nbd7 6. Bd3 Bd6 7. e4 dxe4 8. Nxe4 Nxe4 9. Bxe4 Nf6 10. Bc2 b6 11. 0-0 Bb7 12. b3 Qc7 13. Bb2 0-0-0 14. Qe2 h5 15. a4 h4 16. a5 Nh5 17. axb6 axb6 18. Ra7 g5 19. d5 Nf4 20. Qe1 g4 21. Ng5 cxd5 22. Bxh8 Rxh8 23. cxd5 Nxd5 24. Qa1 Bxh2+ 25. Kh1 Be5 26. Qa3 h3 27. Be4 hxg2+ 28. Kxg2 Nf4+ 29. Kg3 Ne2+ 30. Kxg4 f5+ 31. Kf3 Nd4+ 32. Kg2 Rh2+ 0-1

[Event "Myrhorod op"]
[Site "Myrhorod"]
[Date "2010.07.10"]
[Round "3"]
[White "Krupko, Alexey"]
[Black "Musiienko, Danylo"]
[Result "0-1"]
[WhiteElo "2177"]
[BlackElo "1866"]
[PlyCount "108"]
[EventDate "2010.07.09"]
[EventType "swiss"]
[EventRounds "9"]
[EventCountry "UKR"]
[SourceTitle "CBM 137 Extra"]
[Source "ChessBase"]
[SourceDate "2010.09.01"]
[SourceVersion "1"]
[SourceVersionDate "2010.09.01"]
[SourceQuality "1"]

1. e4 c6 2. d4 g6 3. Nc3 d5 4. h3 Bg7 5. Nf3 dxe4 6. Nxe4 Nf6 7. Nxf6+ exf6 8. Be2 0-0 9. 0-0 Be6 10. c4 Qe7 11. Re1 Rd8 12. Qb3 b6 13. Bf4 Qb7 14. Rad1 Nd7 15. Qc2 Nf8 16. b3 Rd7 17. Rd2 Rad8 18. Red1 Re7 19. Bd3 Bc8 20. Be3 Ne6 21. Bf1 Red7 22. g3 Qc7 23. Bg2 Bb7 24. c5 b5 25. b4 f5 26. d5 Rxd5 27. Rxd5 Rxd5 28. Rxd5 cxd5 29. Qd3 Qd7 30. Nd4 Nxd4 31. Bxd4 Bxd4 32. Qxd4 Qe6 33. Qf4 Bc6 34. Kh2 a6 35. h4 Kg7 36. Qc7 Be8 37. Qb7 d4 38. c6 d3 39. c7 Bd7 40. Bf3 Bc8 41. Qa7 Qd7 42. Qc5 d2 43. h5 d1Q 44. h6+ Kg8 45. Bxd1 Qxd1 46. Qe5 Qh5+ 47. Kg1 Qxh6 48. f4 Qf8 49. a3 f6 50. Qd5+ Kg7 51. Kf2 Qe7 52. Qd8 Qd7 53. Ke3 Kf7 54. Qh8 Qe8+ 0-1

[Event "Kiev-ch"]
[Site "Kiev"]
[Date "2010.03.15"]
[Round "9"]
[White "Marusenko, Petr"]
[Black "Musiienko, Danylo"]
[Result "1-0"]
[WhiteElo "2239"]
[BlackElo "1774"]
[PlyCount "47"]
[EventDate "2010.03.04"]
[EventType "swiss"]
[EventRounds "9"]
[EventCountry "UKR"]
[SourceTitle "CBM 135 Extra"]
[Source "ChessBase"]
[SourceDate "2010.05.04"]
[SourceVersion "1"]
[SourceVersionDate "2010.05.04"]
[SourceQuality "1"]

1. Nf3 d5 2. g3 Nf6 3. Bg2 c5 4. 0-0 e6 5. d3 Nc6 6. Nbd2 Be7 7. e4 0-0 8. e5 Nd7 9. Re1 Qc7 10. Qe2 Nb4 11. Nf1 b6 12. h4 Bb7 13. a3 Nc6 14. Bf4 Rac8 15. N1h2 Rfe8 16. Rac1 Qb8 17. Ng5 Nd4 18. Qh5 Bxg5 19. hxg5 Nf5 20. Ng4 Ne7 21. Nf6+ gxf6 22. exf6 e5 23. Bh3 Qc7 24. Qh6 1-0

[Event "Kiev-ch"]
[Site "Kiev"]
[Date "2010.03.14"]
[Round "8"]
[White "Panchenko, Alexandar G"]
[Black "Musiienko, Danylo"]
[Result "1/2-1/2"]
[WhiteElo "2341"]
[BlackElo "1774"]
[PlyCount "116"]
[EventDate "2010.03.04"]
[EventType "swiss"]
[EventRounds "9"]
[EventCountry "UKR"]
[SourceTitle "CBM 135 Extra"]
[Source "ChessBase"]
[SourceDate "2010.05.04"]
[SourceVersion "1"]
[SourceVersionDate "2010.05.04"]
[SourceQuality "1"]

1. Nf3 d5 2. c4 e6 3. e3 Nf6 4. Nc3 c5 5. cxd5 exd5 6. d4 Nc6 7. Be2 cxd4 8. Nxd4 Bc5 9. 0-0 0-0 10. Bf3 Nxd4 11. exd4 Bb6 12. Bg5 Be6 13. Qd2 h6 14. Bh4 Ne4 15. Nxe4 Qxh4 16. Nc5 Qe7 17. Rac1 Rac8 18. b4 Bc7 19. Rfe1 Qd6 20. g3 b6 21. Nxe6 fxe6 22. Bg4 Rf6 23. b5 Re8 24. Rc6 Qd7 25. f4 Kh8 26. Qe2 Bd6 27. Qg2 Kh7 28. Re2 Kh8 29. a4 Kh7 30. h4 Kh8 31. h5 Kh7 32. Kh2 Kh8 33. Qh3 Kh7 34. Rc3 Kg8 35. Rce3 Kf7 36. Qf1 Re7 37. Qb1 Kg8 38. Qe1 Kf7 39. f5 exf5 40. Rxe7+ Bxe7 41. Bf3 Rd6 42. Qd2 Re6 43. Rxe6 Kxe6 44. Qe3+ Kf7 45. Qe5 Bf6 46. Bxd5+ Kf8 47. Qb8+ Ke7 48. Bc6 Qd6 49. Qxa7+ Kf8 50. Qa8+ Bd8 51. Qc8 Qxd4 52. Qxf5+ Qf6 53. Qh7 Qf2+ 54. Kh3 Qf1+ 55. Bg2 Qf7 56. Kg4 Qc4+ 57. Qe4 Qxe4+ 58. Bxe4 Bc7 1/2-1/2

[Event "Kiev-ch"]
[Site "Kiev"]
[Date "2010.03.09"]
[Round "4"]
[White "Vdovichenko, Vladislav"]
[Black "Musiienko, Danylo"]
[Result "1-0"]
[WhiteElo "2193"]
[BlackElo "1774"]
[PlyCount "51"]
[EventDate "2010.03.04"]
[EventType "swiss"]
[EventRounds "9"]
[EventCountry "UKR"]
[SourceTitle "CBM 135 Extra"]
[Source "ChessBase"]
[SourceDate "2010.05.04"]
[SourceVersion "1"]
[SourceVersionDate "2010.05.04"]
[SourceQuality "1"]

1. c4 e6 2. d4 d5 3. Nc3 c5 4. cxd5 cxd4 5. Qa4+ Qd7 6. Nb5 Na6 7. dxe6 fxe6 8. Bd2 Bc5 9. Nf3 Kf8 10. Qc4 Qc6 11. Nbxd4 Qb6 12. 0-0-0 Nf6 13. Kb1 Ng4 14. Nb3 e5 15. Ba5 Qg6+ 16. e4 Be6 17. Qc2 Bxb3 18. axb3 Bxf2 19. Bxa6 Qxa6 20. Nxe5 Nxe5 21. Qxf2+ Ke8 22. Qf5 Nd3 23. Qd5 Nf2 24. Qd7+ Kf8 25. Bb4+ Kg8 26. Qd5+ 1-0